| 000 | 00463 a2200157 4500 | ||
|---|---|---|---|
| 001 | 46136 | ||
| 020 | _a978-85-7208642-4 | ||
| 040 | _cAnchieta - Aquarius | ||
| 100 | _aMedeiros, Maria Augusta de | ||
| 240 | 1 | 0 |
_aJacaré com janelinha: quem já viu que me apresente! e outros poemas _lpor |
| 245 | 1 | 0 | _aJacaré com janelinha: quem já viu que me apresente! e outros poemas |
| 300 | _a | ||
| 362 | 0 | _a2009 | |
| 650 | 4 | _aLiteratura infanto-juvenil | |
| 942 | _cBK | ||
| 999 |
_c46136 _d46136 |
||